000 01023nab a2200229 i 4500
001 768714001
003 CO-MdFUSB
005 20240802093513.0
008 240802t1995 -us||||| |||| 00| 0 eng d
040 _bspa
_cCO-MdFUSB
_dCO-MdFUSB
041 _aeng
100 _aRoberts, W. Dayton,
_eautor
245 _aMy pilgrimage in mission
_c/ W. Dayton Roberts
520 _aNarración de la peregrinación en misión del autor, quien nació y creció en la Misión Presbiteriana de Corea, sirvió más de cuarenta años en la Misión de América Latina y terminó su carrera con ocho años en World Vision International.
546 _aTexto en inglés.
650 7 _aMisioneros
_9931
650 0 _aEvangelización
_9362
650 0 _aBiografías cristianas
_91238
773 0 _049483
_982872
_oR2736
_tInternational Bulletinof Missionary Research
_w(CO-MdFUSB)768714001
_x0272-6122
_gVolumen 19, (número 3, 1995), páginas: 110 - 112
_qpágina: 110
942 _cANA
945 _aCatherine Arias Álvarez - Practicante SENA
999 _c70724
_d70724